000 00724 a2200205 4500
010 _aENG-85170
020 _a8175411643
_c695.00
035 _aEN-68703
037 _bD.B.Act / Pub
082 1 4 _a951
090 _c1564
_d1564
245 1 _aCentral Asia since independence
_cedited by K. Warikoo and Mahavir Singh
260 _aDelhi
_bShipra Publications
_c2004
270 _a115-A, Vikas Marg, Shakarpur
_bDelhi
_e110 092
_k011- 55277210, 011-22500954
_l011-22458662
_minfo@shiprapublications.com
300 _axii, 356p.
_b21 cm (Hb.)
500 _aIncludes index
700 _aJain, Nirmal
942 _adpl
_cEN
_k951 / CEN
999 _c1539
_d1539